000 01693nam a2200193 4500
005 20260212154013.0
008 260205b |||||||| |||| 00| 0 eng d
020 _a9788183286640
041 _aEnglish
082 _a005.1
_bWOO
100 _aWoods Geoff
_9216627
245 _aAI-Driven Leader: Harnessing AI to Make Faster, Smarter Decisions
260 _aNew Delhi
_bWisdom Tree
_c2025
300 _a293
365 _b465.65
_cRs.00
520 _aPART1 REDEFINE YOUR LEADERSHIP IN THE AI ERA. 1. The Rise Of AI And The AI-Driven Leader 2. We've Been Here Before: What Past Technological Revolutions Can Teach AI-Driven Leaders 3. Shift From Operational Overwhelm To Strategic Clarity: The Essential Mindset For AI-Driven Leaders PART 2 BECOME AN AI-DRIVEN LEADER. 4. Understand AI: What : It Is, How It Works, And How To Get Started 5. Supercharge Your Leadership: Five AI Use Cases You Can Use Today 6. The High Price Of The Wrong Questions: Using AI To Overcome Biases And Assumptions 7. Collapse The Time From Data To Decisions 8. Navigate Short-Term Pressures Without Sacrificing Long-Term Growth 9. Accelerate Strategic Momentum: Make Faster, Smarter Decisions With AI PART 3 BUILD AN AI-DRIVEN ORGANIZATION. 10. Lead With Strategic Clarity: Ensure Year-Round Alignment 11. The Critical First 30 Days: Focused Execution To Drive Results 12. 10x The Impact Of Every Employee 13. Integrate AI Seamlessly: Change Management Strategies For Smooth Transitions 14. Go From 0 To 1: The Simple Path To Deliver Value With AI CONCLUSION: REDEFINE WHO YOU ARE AND WHO YOU CAN BECOME
650 _aArtificial Intelligence
942 _cBK
999 _c370336
_d370336